000 00734nam a2200241Ia 4500
008 210901s9999||||xx |||||||||||||| ||und||
020 _c0
040 _c311624
049 _aEM0000022796
090 _a235.7
090 _b서219ㅇ
100 _a서울종교교과교육연구회
245 0 _a2016 우리의 학교종교교육을 묻는 작은 발걸음; 독일 학교종교교육 둘러보기
245 0 _d서울종교교과교육연구회
260 _a서울
260 _b서울종교교과교육연구회
260 _c2016
300 _a196p.
300 _c21cm
653 _a독일 학교종교교육 둘러보기
653 _a우리의 학교종교교육을 묻는 작은 발걸음
653 _a종교교육
999 _c7478
_d7478